| 000 | 00593nam a2200193Ia 4500 | ||
|---|---|---|---|
| 003 | IN-BaIIA | ||
| 008 | 211028s9999 xx 000 0 eng d | ||
| 040 | _cIIA Library | ||
| 080 |
_a621-1 _bHES |
||
| 100 |
_aHesse, Herman C. _95369 |
||
| 245 | 0 |
_aProcess equipment design _cHerman C. Hesse and Henry J. Rushton |
|
| 260 |
_aToronto _bD. Van Nostrand _c1945 |
||
| 300 | _avii, 580p. | ||
| 650 |
_aMechanical properties _95370 |
||
| 650 | _aNASA thesaurus | ||
| 700 |
_aRushton, Henry J. _95371 |
||
| 700 |
_aRushton, Henry J. _95371 |
||
| 942 | _cBK | ||
| 999 |
_c3023 _d3023 |
||